000 00552nam a2200217Ia 4500
005 20230818114509.0
008 131103s9999 xx 000 0 und d
040 _aLoreto College
041 _aEnglish
082 _a922
_bFRA-CHE
100 _aChesterton,G.K.
245 _aSt. Francis of Assisi
_cG.K.Chesterton
250 _a21st ed.
260 _aLondon
_bHodder and Stoughton
_c1939
300 _a190 p.
_b col.illus.,
630 _aReligious - Biography
650 _aSt.Francis
651 _aBiography
850 _aLCLIB
942 _cBK
999 _c14007
_d64486